[Event "44th Sparkassen Open"]
[Site "Dortmund GER"]
[Date "2016.07.14"]
[Round "6.15"]
[White "Koellner, Christof"]
[Black "Steinle, Carsten"]
[Result "0-1"]
[WhiteElo "2133"]
[BlackElo "2141"]
[WhiteFideId "4635787"]
[BlackFideId "24676462"]
[EventDate "2016.07.09"]

1. d4 Nf6 2. Nf3 b6 3. Nbd2 Bb7 4. e3 g6 5. Bd3 Bg7 6. e4 O-O 7. O-O d6 8. c3 e5
9. d5 Nbd7 10. b4 a5 11. Qb3 axb4 12. Qxb4 Nc5 13. Bc2 Nh5 14. Nc4 Qd7 15. Ne3
Ba6 16. c4 Nf4 17. Qd2 b5 18. Bb2 bxc4 19. Bc3 Nfd3 20. Bxd3 cxd3 21. Rfc1 Nxe4
22. Qe1 Nxc3 23. Qxc3 e4 24. Nd4 Qa4 25. Nc4 Rfb8 26. a3 Bxc4 27. Qxc4 Bxd4 0-1

[Event "44th Sparkassen Open"]
[Site "Dortmund GER"]
[Date "2016.07.14"]
[Round "6.16"]
[White "Lewin, Tammo"]
[Black "Voicu-Jagodzinsky, Carmen"]
[Result "1/2-1/2"]
[BlackTitle "WGM"]
[WhiteElo "2041"]
[BlackElo "2263"]
[WhiteFideId "4668596"]
[BlackFideId "1206729"]
[EventDate "2016.07.09"]

1. d4 Nf6 2. c4 c5 3. d5 e6 4. Nc3 exd5 5. cxd5 d6 6. e4 g6 7. Nf3 Bg7 8. Bg5 a6
9. Nd2 h6 10. Bh4 O-O 11. a4 Re8 12. Be2 Nbd7 13. O-O Qc7 14. Qc2 b6 15. Kh1 Bb7
16. Rae1 Nh7 17. f4 Rac8 18. Bc4 g5 19. fxg5 hxg5 20. Bg3 Ne5 21. Be2 Qd8 22.
Bxe5 Rxe5 23. Nc4 Re7 24. Bg4 Rb8 25. Bf5 Nf8 26. Qd2 Re8 27. Re3 Bc8 28. Rg3
Bxf5 29. exf5 Nh7 30. f6 Bxf6 31. Rgf3 Bxc3 32. Qxc3 Rb7 33. Ne3 Re4 34. h3 Qe8
35. Nf5 Qe5 36. Nh6+ Kg7 37. Nf5+ Kg8 38. Nh6+ Kg7 39. Nf5+ Kg8 1/2-1/2

[Event "44th Sparkassen Open"]
[Site "Dortmund GER"]
[Date "2016.07.14"]
[Round "6.17"]
[White "Torres-Kuckel, Rafael"]
[Black "Schuelke, Tilman"]
[Result "1/2-1/2"]
[WhiteTitle "FM"]
[WhiteElo "2191"]
[BlackElo "1923"]
[WhiteFideId "4625072"]
[BlackFideId "4647475"]
[EventDate "2016.07.09"]

1. e4 e6 2. d4 b6 3. Bd3 h6 4. Nf3 Ne7 5. Qe2 d6 6. h4 g6 7. Bf4 Bb7 8. Nbd2 Nd7
9. O-O-O a6 10. Kb1 Nb8 11. c3 Nd7 12. h5 g5 13. Bg3 Ra7 14. Nh2 e5 15. dxe5
dxe5 16. Ndf3 Bg7 17. Nxe5 Nxe5 18. Bxe5 Bxe5 19. Bb5+ axb5 20. Rxd8+ Kxd8 21.
Nf3 Nc6 22. Nxe5 Nxe5 23. f3 Ke7 24. Qxb5 Ra5 25. Qb4+ Rc5 26. Rd1 f6 27. Qd4
Rc6 28. Qf2 Rc4 29. Rd4 Rd8 30. Qd2 Rcxd4 31. cxd4 Nc6 32. d5 Ne5 33. Qc3 Rd7
34. a4 c5 35. a5 bxa5 36. Qxc5+ Rd6 37. Qxa5 Ba6 38. Qc7+ Rd7 1/2-1/2

[Event "44th Sparkassen Open"]
[Site "Dortmund GER"]
[Date "2016.07.14"]
[Round "6.18"]
[White "Tayyar, Alptug"]
[Black "Pollmueller, Michael"]
[Result "0-1"]
[WhiteElo "2037"]
[BlackElo "2076"]
[WhiteFideId "12993450"]
[BlackFideId "16208749"]
[EventDate "2016.07.09"]

1. e4 c6 2. d4 d5 3. Nd2 dxe4 4. Nxe4 Bf5 5. Ng3 Bg6 6. Nf3 Nd7 7. h4 h6 8. h5
Bh7 9. Bd3 Bxd3 10. Qxd3 e6 11. Bf4 Qa5+ 12. Bd2 Bb4 13. c3 Be7 14. c4 Qc7 15.
O-O-O Ngf6 16. Ne4 Rd8 17. Kb1 Nxe4 18. Qxe4 Nf6 19. Qe2 c5 20. Bc3 O-O 21. g4
Qf4 22. Rhe1 Qxg4 23. d5 Rfe8 24. Rg1 Qf5+ 25. Ka1 exd5 26. Nh4 Qe4 27. Qxe4
dxe4 28. Rxd8 Bxd8 29. Nf5 Nxh5 30. Bxg7 Kh7 31. Bc3 Bg5 32. a3 Nf4 33. Nd6 Re7
34. Rg4 Kg6 35. Bd2 Nd3 36. Rg2 f5 37. Kb1 Rd7 38. Nb5 Ne5 39. Be3 b6 40. b3 Kf6
41. Nc3 Bxe3 42. fxe3 Ng4 43. Nd5+ Ke5 44. Rg3 Rg7 45. Kc1 Rg5 46. Rh3 Rg7 47.
Kd2 Rd7 48. Ke2 b5 49. Kd2 Nf6 50. Rxh6 Nxd5 51. cxd5 Rxd5+ 52. Ke2 Rd3 53. Ra6
Rxb3 54. Rxa7 c4 55. Ra5 Kd6 56. a4 Kc5 57. axb5 Rxb5 58. Ra8 Rb2+ 59. Kd1 Kb4
60. Rf8 Kc3 61. Rxf5 Kd3 62. Rd5+ Kxe3 63. Rc5 Rh2 64. Kc1 Kd3 65. Rd5+ Kc3 66.
Kd1 Rh1+ 67. Ke2 Kc2 68. Re5 Rh4 69. Re8 c3 70. Rc8 Kb2 71. Kd1 Rh1+ 72. Ke2 c2
73. Rb8+ Ka3 74. Ra8+ Kb4 75. Rb8+ Ka5 0-1

[Event "44th Sparkassen Open"]
[Site "Dortmund GER"]
[Date "2016.07.14"]
[Round "6.19"]
[White "Hartung, Thomas2"]
[Black "Huhs, Sven"]
[Result "0-1"]
[WhiteElo "2018"]
[BlackElo "2034"]
[WhiteFideId "4639146"]
[BlackFideId "24669130"]
[EventDate "2016.07.09"]

1. e4 d5 2. exd5 Nf6 3. d4 Bg4 4. Be2 Bxe2 5. Qxe2 Qxd5 6. Nf3 Nc6 7. O-O O-O-O
8. Be3 e6 9. c4 Qf5 10. Nc3 g5 11. a3 g4 12. Nh4 Qh5 13. Qd2 Be7 14. g3 Rd7 15.
Ne2 Ne4 16. Qc2 f5 17. d5 exd5 18. cxd5 Ne5 19. Nf4 Qf7 20. Bd4 Bd6 21. Rac1 Re8
22. Qa4 a6 23. b4 Nf3+ 24. Nxf3 Bxf4 25. gxf4 gxf3 26. Kh1 Qxd5 27. Be3 Red8 28.
Qc2 Qd3 29. Qb2 Kb8 30. h3 Qe2 31. Qe5 Ng3+ 0-1

[Event "44th Sparkassen Open"]
[Site "Dortmund GER"]
[Date "2016.07.14"]
[Round "6.20"]
[White "Wicht, Juergen"]
[Black "Savchenko, Daniel"]
[Result "1/2-1/2"]
[WhiteTitle "CM"]
[WhiteElo "2221"]
[BlackElo "1942"]
[WhiteFideId "4639197"]
[BlackFideId "12919195"]
[EventDate "2016.07.09"]

1. d4 d5 2. Nf3 e6 3. c4 Nf6 4. Nc3 Nbd7 5. cxd5 exd5 6. Bg5 Be7 7. e3 c6 8. Qc2
Nh5 9. Bxe7 Qxe7 10. Bd3 g6 11. O-O O-O 12. Rab1 Ng7 13. b4 a6 14. a4 Nf6 15. b5
axb5 16. axb5 Bf5 17. Bxf5 Nxf5 18. bxc6 bxc6 19. Na4 Rac8 20. Nc5 Rc7 21. Ne5
Ra8 22. Ra1 Qe8 23. Ra4 Nd6 24. Rfa1 Rxa4 25. Qxa4 Kg7 26. Qa8 Rc8 27. Qa7 Nb5
28. Qb7 Nd6 29. Qb6 Ng8 30. h3 Nb5 31. Qb7 1/2-1/2

[Event "44th Sparkassen Open"]
[Site "Dortmund GER"]
[Date "2016.07.14"]
[Round "6.21"]
[White "Althoff, Ralph"]
[Black "Oezen, Alf"]
[Result "0-1"]
[WhiteElo "2122"]
[BlackElo "1970"]
[WhiteFideId "4623177"]
[BlackFideId "12985430"]
[EventDate "2016.07.09"]

1. e4 c5 2. Nf3 d6 3. d4 cxd4 4. Nxd4 Nf6 5. Nc3 a6 6. Be3 Qc7 7. Qd2 Nbd7 8.
O-O-O b5 9. Kb1 Bb7 10. f3 e6 11. g4 Nb6 12. g5 Nfd7 13. a3 d5 14. Bh3 Nc4 15.
Qe1 Bxa3 16. bxa3 Nxa3+ 17. Kc1 b4 18. Nxd5 exd5 19. Qxb4 Nc4 20. Rhe1 Qb6 21.
Bxd7+ Kxd7 22. Qxb6 Nxb6 23. Nf5 Nc4 24. Bd4 g6 25. Bxh8 Rxh8 26. Nh6 a5 27.
exd5 a4 28. Re4 Rc8 29. Rdd4 Nd6 30. Rf4 a3 31. Ra4 Bxd5 32. Rxa3 Rc7 33. Ng4
Be6 34. Ne5+ Ke7 35. Kd2 Nb5 36. Re3 Rc5 37. Rxf7+ Bxf7 38. Nd3+ Kd6 39. Nxc5
Kxc5 40. Re7 Nd6 41. Rc7+ Kb6 42. Rd7 Kc6 43. Rd8 Bd5 44. f4 Nf7 45. Ra8 Kd6 46.
Ke3 Bxa8 47. h4 Ke6 48. Kf2 Nd6 49. Kg3 Kf5 0-1

[Event "44th Sparkassen Open"]
[Site "Dortmund GER"]
[Date "2016.07.14"]
[Round "6.22"]
[White "Kuechle, Wolfgang"]
[Black "Stemmler, Fabian"]
[Result "1-0"]
[WhiteElo "2030"]
[BlackElo "1931"]
[WhiteFideId "24628581"]
[BlackFideId "12964808"]
[EventDate "2016.07.09"]

1. c4 f5 2. g3 Nf6 3. Bg2 d6 4. Nc3 e5 5. e3 Be7 6. Nge2 O-O 7. O-O Qe8 8. d3
Qh5 9. f4 c6 10. Rb1 Bd8 11. b4 Bb6 12. d4 e4 13. c5 Bc7 14. d5 Rd8 15. dxc6
Nxc6 16. Nb5 Qf7 17. Nxc7 Qxc7 18. Qb3+ Qf7 19. Qxf7+ Kxf7 20. b5 Na5 21. cxd6
Rxd6 22. Nd4 Nd5 23. Kf2 Nc4 24. Re1 a6 25. Bf1 Ncb6 26. bxa6 Rxa6 27. Bxa6 bxa6
28. Ba3 Rh6 29. h4 Nc4 30. Rbc1 Ndb6 31. Bc5 a5 32. Bxb6 Nxb6 33. Rc7+ 1-0

[Event "44th Sparkassen Open"]
[Site "Dortmund GER"]
[Date "2016.07.14"]
[Round "6.23"]
[White "Knudsen, Martin"]
[Black "Wastian, Jan"]
[Result "1/2-1/2"]
[WhiteElo "2018"]
[BlackElo "1877"]
[WhiteFideId "1406523"]
[BlackFideId "12911640"]
[EventDate "2016.07.09"]

1. c4 c6 2. e4 d5 3. exd5 cxd5 4. cxd5 Nf6 5. Bb5+ Nbd7 6. Nc3 g6 7. Nf3 Bg7 8.
a4 O-O 9. a5 a6 10. Bxd7 Bxd7 11. Qb3 Bb5 12. Nxb5 axb5 13. Qxb5 Qxd5 14. Qxd5
Nxd5 15. d4 b6 16. Bd2 bxa5 17. O-O Rfb8 18. Rfc1 Rxb2 1/2-1/2

[Event "44th Sparkassen Open"]
[Site "Dortmund GER"]
[Date "2016.07.14"]
[Round "6.24"]
[White "Kueppers, Timo"]
[Black "Dette, Jan"]
[Result "1/2-1/2"]
[WhiteElo "1967"]
[BlackElo "2015"]
[WhiteFideId "16205820"]
[BlackFideId "12936677"]
[EventDate "2016.07.09"]

1. e4 e5 2. Nf3 Nc6 3. Bb5 Nf6 4. O-O Nxe4 5. d4 Nd6 6. Bxc6 dxc6 7. dxe5 Nf5 8.
Qxd8+ Kxd8 9. Nc3 Ke8 10. b3 a5 11. Bb2 Bb4 12. Ne4 a4 13. a3 Be7 14. b4 Be6 15.
Rad1 Bd5 16. Rfe1 Rd8 17. Nfd2 h5 18. c4 Be6 19. Nc3 Bg5 20. Nde4 Rxd1 21. Rxd1
Be7 22. Nxa4 Bxc4 23. Rc1 Be6 24. Nac5 Bxc5 25. Nxc5 Bc8 26. g3 Ke7 27. Rd1 Rd8
28. Rxd8 Kxd8 29. h3 b6 30. Ne4 g6 31. Kh2 Ng7 32. Nf6 Ne6 33. f4 c5 34. f5 gxf5
35. Nxh5 cxb4 36. axb4 c5 37. Nf6 cxb4 38. h4 Ke7 39. Nd5+ Kf8 40. Nxb4 Bb7 41.
Nd3 Bf3 42. Kg1 Be2 43. Nb4 f4 44. Kf2 Bh5 45. Nd5 fxg3+ 46. Kxg3 b5 47. Ba3+
Kg7 48. Nc3 Nd4 49. Bc5 1/2-1/2

[Event "44th Sparkassen Open"]
[Site "Dortmund GER"]
[Date "2016.07.14"]
[Round "6.25"]
[White "Klueting, Reiner"]
[Black "Austrup, David"]
[Result "1/2-1/2"]
[WhiteElo "1907"]
[BlackElo "2001"]
[WhiteFideId "4644760"]
[BlackFideId "12996890"]
[EventDate "2016.07.09"]

1. e4 c5 2. Nf3 d6 3. Bb5+ Bd7 4. Bxd7+ Qxd7 5. O-O Nc6 6. Qe2 g6 7. Rd1 Bg7 8.
c3 e5 9. d3 Nge7 10. Na3 O-O 11. Nc2 d5 12. d4 cxd4 13. cxd4 exd4 14. Ncxd4 Nxd4
15. Nxd4 dxe4 16. Nb5 Qc6 17. Rd6 Qc5 18. Be3 Qf5 19. Rad1 a6 20. Nc3 Bxc3 21.
bxc3 Qa5 22. c4 Nf5 23. Bb6 Qa4 1/2-1/2

[Event "44th Sparkassen Open"]
[Site "Dortmund GER"]
[Date "2016.07.14"]
[Round "6.26"]
[White "Borchert, Louis"]
[Black "Schmitz, Edgar"]
[Result "1-0"]
[WhiteElo "1878"]
[BlackElo "1981"]
[WhiteFideId "12990680"]
[BlackFideId "24675270"]
[EventDate "2016.07.09"]

1. e4 e5 2. Nf3 Nf6 3. Nxe5 d6 4. Nf3 Nxe4 5. Nc3 Nxc3 6. dxc3 Be7 7. Be3 Nc6 8.
Bd3 Be6 9. Qd2 h6 10. O-O-O a6 11. Kb1 Qd7 12. Nd4 Nxd4 13. Bxd4 Bf6 14. Bxf6
gxf6 15. Qf4 O-O-O 16. Qxf6 Qa4 17. a3 Kb8 18. Rhe1 Qg4 19. Be4 Rhg8 20. Qf3 Qg5
21. Bxb7 Qb5 22. Rd4 c5 23. Bc6 Qb6 24. Rd2 Rg5 25. Be4 Ka7 26. Qe3 d5 27. Bf3
d4 28. cxd4 cxd4 29. Qd3 Rb5 30. c4 Rb3 31. Qe2 Rd7 32. Qe4 Rd8 33. Qe2 Rb8 34.
Be4 Rxa3 35. Bd5 1-0

[Event "44th Sparkassen Open"]
[Site "Dortmund GER"]
[Date "2016.07.14"]
[Round "6.27"]
[White "Knudsen, Simon"]
[Black "Heldt, Maximilian"]
[Result "0-1"]
[WhiteElo "1873"]
[BlackElo "1975"]
[WhiteFideId "12985546"]
[BlackFideId "12952346"]
[EventDate "2016.07.09"]

1. e4 c5 2. Nf3 Nc6 3. Bb5 g6 4. Bxc6 bxc6 5. O-O Bg7 6. Re1 Nf6 7. e5 Nd5 8. c4
Nc7 9. d4 cxd4 10. Qxd4 O-O 11. Qh4 d5 12. Nc3 Bf5 13. Bh6 e6 14. Bg5 f6 15.
exf6 Bxf6 16. Bxf6 Qxf6 17. Qxf6 Rxf6 18. Rad1 Bg4 19. Rd3 dxc4 20. Rd7 Bxf3 21.
Rxc7 Bd5 22. f3 Rb8 23. Re2 Rf7 24. Rxf7 Kxf7 25. Kf2 Kg7 26. Ke3 e5 27. Nd1 Kf6
28. Nc3 h5 29. Rd2 g5 30. Rc2 Ke6 31. h3 g4 32. fxg4 hxg4 33. Ne4 Bxe4 34. Kxe4
gxh3 35. gxh3 Rh8 36. Rxc4 Rh4+ 37. Kd3 Rxh3+ 38. Kd2 Kd5 39. Ra4 Rh7 40. Ra5+
Ke4 41. Rc5 Rh2+ 42. Kc3 Rh6 43. Ra5 Rh7 44. Rc5 Rc7 45. b4 Rd7 46. Rxc6 Kf3 47.
Rf6+ Ke3 48. a4 e4 49. a5 Ke2 50. b5 e3 51. a6 Ke1 52. b6 axb6 53. Rxb6 e2 54.
Rb7 Rd6 55. a7 Ra6 56. Kd3 Ra3+ 0-1

[Event "44th Sparkassen Open"]
[Site "Dortmund GER"]
[Date "2016.07.14"]
[Round "6.28"]
[White "Brockhaus, Philip"]
[Black "Kiehn, Andreas"]
[Result "1-0"]
[WhiteElo "1881"]
[BlackElo "1926"]
[WhiteFideId "12954721"]
[BlackFideId "12922250"]
[EventDate "2016.07.09"]

1. d4 Nf6 2. Nf3 e6 3. c4 b6 4. a3 Bb7 5. Nc3 d5 6. cxd5 Nxd5 7. Qc2 Be7 8. e4
Nxc3 9. bxc3 Nd7 10. Bd3 c5 11. O-O Qc7 12. Qe2 O-O 13. Bb2 Rac8 14. e5 Rfd8 15.
Rad1 1-0

[Event "44th Sparkassen Open"]
[Site "Dortmund GER"]
[Date "2016.07.14"]
[Round "6.29"]
[White "Schimnatkowski, Lukas"]
[Black "Jelica, Mara"]
[Result "0-1"]
[BlackTitle "WIM"]
[WhiteElo "2030"]
[BlackElo "2129"]
[WhiteFideId "12936723"]
[BlackFideId "14504111"]
[EventDate "2016.07.09"]

1. e4 g6 2. Nf3 Bg7 3. d3 c5 4. g3 Nc6 5. Bg2 d6 6. Nbd2 Nf6 7. O-O O-O 8. a4 a6
9. c3 e5 10. Nc4 b6 11. Qe2 Rb8 12. Nh4 b5 13. axb5 axb5 14. Ne3 Be6 15. Bd2 d5
16. Ra6 Ne7 17. Rfa1 c4 18. dxc4 dxc4 19. Nc2 Bc8 20. R6a2 Bb7 21. Be3 Qc7 22.
Nb4 Ra8 23. f3 Rxa2 24. Rxa2 Rd8 25. Bf1 Nd7 26. Qf2 Nc8 27. Ra1 Bf8 28. Rd1
Ndb6 29. Rxd8 Qxd8 30. Ng2 Na4 31. h4 Qd1 32. Ne1 Nxb2 33. Qxb2 Qxe1 34. Bf2 Qd1
35. Kg2 Qd7 36. g4 Nd6 37. Qc1 Ne8 38. Be2 Nc7 39. h5 Ne6 40. Be3 Bc5 41. h6 Qd6
42. Bxc5 Nxc5 43. Qe3 f6 44. g5 fxg5 45. Qxg5 Kf7 46. Qe3 Qe7 47. Qd2 Ne6 48.
Bf1 Qg5+ 49. Qxg5 Nxg5 50. Nc2 Nxe4 0-1

[Event "44th Sparkassen Open"]
[Site "Dortmund GER"]
[Date "2016.07.14"]
[Round "6.30"]
[White "Dyballa, Gerhard"]
[Black "Sicars, Thorsten"]
[Result "1/2-1/2"]
[WhiteElo "1966"]
[BlackElo "2066"]
[WhiteFideId "4645189"]
[BlackFideId "12904090"]
[EventDate "2016.07.09"]

1. c4 c6 2. e4 d5 3. exd5 cxd5 4. cxd5 Nf6 5. Bb5+ Nbd7 6. Nc3 a6 7. Qa4 g6 8.
Nf3 Bg7 9. O-O O-O 10. Bxd7 Nxd7 11. d4 b5 12. Qb3 Nb6 13. Re1 Qd6 14. Bg5 Re8
15. Bh4 Bb7 16. Bg3 Qd8 17. Rac1 Bxd5 18. Nxd5 1/2-1/2

[Event "44th Sparkassen Open"]
[Site "Dortmund GER"]
[Date "2016.07.14"]
[Round "6.32"]
[White "Phunhon Lopez, Daniel Alejandro"]
[Black "von Bargen, Lukas"]
[Result "1-0"]
[WhiteElo "1958"]
[BlackElo "1964"]
[WhiteFideId "12952567"]
[BlackFideId "12946141"]
[EventDate "2016.07.09"]

1. e4 c5 2. Nc3 Nc6 3. Bb5 Nd4 4. a4 g6 5. f4 Bg7 6. Nf3 a6 7. Bc4 e6 8. e5 d5
9. exd6 Qxd6 10. d3 Ne7 11. Ne4 Qc7 12. c3 Ndf5 13. O-O O-O 14. Qe1 Bd7 15. a5
Bb5 16. Be3 Bxc4 17. dxc4 Nxe3 18. Qxe3 Rac8 19. Nfd2 Nf5 20. Qf2 Nd6 21. Qh4
Qd8 22. Qxd8 Rfxd8 23. Rfd1 Kf8 24. Nxd6 Rxd6 25. Ne4 Rxd1+ 26. Rxd1 Ke7 27. Kf2
h6 28. g4 f5 29. gxf5 gxf5 30. Ng3 Rd8 31. Rxd8 Kxd8 32. Ke3 Ke7 33. Kd3 Bf8 34.
b4 cxb4 35. cxb4 Kf6 36. c5 e5 37. fxe5+ Kxe5 38. Ne2 Kd5 39. Nf4+ Kc6 40. Ne6
Be7 41. Nd4+ Kd5 42. Nxf5 Bg5 43. Nd6 Bf4 44. Nf7 h5 45. h3 Bc7 46. Ng5 Bd8 47.
Ne4 Be7 48. Nc3+ Ke5 49. Ne4 Kd5 50. Ng3 h4 51. Nf5 Bf6 52. Nd6 Kc6 53. Kc4 Be7
54. Nf5 Bf6 55. Nd4+ Kd7 56. Kd5 Bg7 57. Nf5 Bc3 58. Kc4 Be1 59. Nd4 Bf2 60. Nf3
Kc6 61. Ne5+ Kc7 62. b5 axb5+ 63. Kxb5 Bg3 64. Nf7 Bf2 65. Nd6 Be3 66. Ne8+ Kd7
67. Nf6+ Ke6 68. Ng4 Bd4 69. Kc4 Bg1 70. Nh6 Bf2 71. Kb5 Bd4 72. Kb6 Kd5 73.
Kxb7 Bxc5 74. Nf5 Bf2 75. a6 Ke4 76. Nxh4 Kf4 77. Ng6+ Kf5 78. Ne7+ Ke6 79. Nc8 1-0

[Event "44th Sparkassen Open"]
[Site "Dortmund GER"]
[Date "2016.07.14"]
[Round "6.33"]
[White "Garbuz, Vitaliy"]
[Black "Biermann, Florian"]
[Result "0-1"]
[WhiteElo "1907"]
[BlackElo "1924"]
[WhiteFideId "12990710"]
[BlackFideId "12970069"]
[EventDate "2016.07.09"]

1. e4 c5 2. Nf3 e6 3. c3 b6 4. d4 Bb7 5. Bd3 Nf6 6. Qe2 Be7 7. O-O d6 8. Nbd2
Nbd7 9. Ne1 cxd4 10. cxd4 e5 11. d5 O-O 12. Nc2 Nc5 13. Bc4 a5 14. b3 g6 15. g3
Bc8 16. f4 Bh3 17. Re1 Nfd7 18. Ne3 Bf6 19. f5 Bg5 20. Nd1 gxf5 21. Nf2 Bg4 22.
Nxg4 fxg4 23. Qxg4 Kh8 24. Nf1 Rg8 25. Qf3 Qf6 26. Qxf6+ Nxf6 27. Bxg5 Rxg5 28.
Nd2 h5 29. Re3 h4 30. Rf1 Rg6 31. Kh1 hxg3 32. hxg3 Kg7 33. Kg2 Kf8 34. Ref3 Ke7
35. Bd3 Rag8 36. Bc2 R8g7 37. Rh1 Rg4 38. Re3 b5 39. Bd1 R4g5 40. a3 b4 41. axb4
axb4 42. Rh8 Rg8 43. Rxg8 Rxg8 44. Kf3 Rh8 45. Re1 Rh2 46. Ke3 Rg2 47. Bf3 Rxg3
48. Ra1 Rg8 49. Ra7+ Nfd7 50. Be2 Rb8 51. Ra5 Rb7 52. Rb5 Rxb5 53. Bxb5 Nb6 54.
Bd3 f5 55. exf5 Nxd5+ 0-1

[Event "44th Sparkassen Open"]
[Site "Dortmund GER"]
[Date "2016.07.14"]
[Round "6.34"]
[White "Busche, Klaus"]
[Black "Geerling, Anton"]
[Result "0-1"]
[WhiteElo "2033"]
[BlackElo "2008"]
[WhiteFideId "24604631"]
[BlackFideId "12976733"]
[EventDate "2016.07.09"]

1. d4 Nf6 2. Nf3 g6 3. Nc3 d5 4. Bf4 Bg7 5. Qd2 b6 6. Ne5 e6 7. f3 Bb7 8. O-O-O
c5 9. dxc5 bxc5 10. Bh6 O-O 11. h4 Nc6 12. Nxc6 Bxc6 13. h5 Qe7 14. Bxg7 Kxg7
15. hxg6 fxg6 16. e3 Rab8 17. Be2 Qb7 18. b3 a5 19. Nb1 a4 20. Qc3 axb3 21. cxb3
Qa7 22. Rd2 Kg8 23. Rc2 c4 24. g4 cxb3 25. axb3 Bd7 26. g5 Rbc8 27. Bc4 Nh5 28.
f4 dxc4 29. b4 Bc6 30. Rh3 Be4 31. Rb2 Qg7 32. Qxg7+ Nxg7 33. Nc3 Bd3 34. b5 Nf5
35. Kd2 Rb8 36. e4 Nd6 37. Ke3 Rb6 38. Rbh2 Rf7 39. Kd4 Rfb7 40. Ke5 Nxb5 41.
Nxb5 Rxb5+ 42. Kf6 Rf7+ 43. Kxe6 Ra7 44. Kd6 Bxe4 45. Re2 Ra6+ 46. Kc7 Rb7+ 0-1

[Event "44th Sparkassen Open"]
[Site "Dortmund GER"]
[Date "2016.07.15"]
[Round "7.1"]
[White "Sorokin, Aleksey"]
[Black "Dann, Matthias"]
[Result "1/2-1/2"]
[WhiteTitle "FM"]
[BlackTitle "IM"]
[WhiteElo "2413"]
[BlackElo "2482"]
[WhiteFideId "24176460"]
[BlackFideId "24638056"]
[EventDate "2016.07.09"]

1. d4 Nf6 2. c4 g6 3. Nc3 Bg7 4. e4 O-O 5. Nf3 d6 6. h3 e5 7. d5 a5 8. g4 Na6 9.
Be3 Nc5 10. Nd2 c6 11. a3 a4 12. Rg1 Qa5 13. Qc2 Bd7 14. Be2 cxd5 15. exd5 Ne8
16. O-O-O f5 17. Kb1 Nc7 18. gxf5 Bxf5 19. Nde4 Nxe4 20. Nxe4 b5 21. Bg4 Bxe4
22. Qxe4 bxc4 23. Qxc4 Rab8 24. Ka2 Kh8 25. Bd7 Rf4 26. Qc3 Qxc3 27. bxc3 Rc4
28. Rb1 Rf8 29. Bc6 e4 30. Rgc1 Rxc3 31. Rxc3 Bxc3 32. Rc1 Be5 33. Rc4 Na6 34.
Rxe4 Rb8 35. Bd4 Bxd4 36. Rxd4 Nc5 37. Bxa4 Kg7 38. Bc2 g5 39. f4 h6 40. fxg5
hxg5 41. h4 gxh4 42. Rxh4 Kf6 43. Rh5 Rg8 44. Rf5+ Ke7 45. Kb2 Rg2 46. Kc3 Rg3+
47. Kb2 Rg2 48. Rf1 Rd2 49. Rd1 Rh2 50. Kc1 Kf6 51. a4 Ke5 52. a5 Rh5 53. Kd2 1/2-1/2

[Event "44th Sparkassen Open"]
[Site "Dortmund GER"]
[Date "2016.07.15"]
[Round "7.2"]
[White "Pap, Misa"]
[Black "Pajeken, Wolfgang"]
[Result "1-0"]
[WhiteTitle "GM"]
[BlackTitle "FM"]
[WhiteElo "2487"]
[BlackElo "2289"]
[WhiteFideId "921610"]
[BlackFideId "4622170"]
[EventDate "2016.07.09"]

1. e4 e5 2. Nf3 Nc6 3. Bb5 a6 4. Bc4 Nf6 5. O-O Be7 6. Re1 b5 7. Bb3 d6 8. c3
O-O 9. d4 Bg4 10. Be3 exd4 11. cxd4 Na5 12. Bc2 c5 13. h3 Bh5 14. d5 Nc4 15. Bc1
Nd7 16. g4 Bg6 17. Nbd2 Nxd2 18. Bxd2 Bf6 19. Rb1 Re8 20. Re2 h6 21. Nh2 Bd4 22.
Nf3 Bf6 23. Kg2 Nb6 24. Bc1 Ra7 25. Ng1 Rae7 26. f3 a5 27. b3 b4 28. Bd3 Qd7 29.
Bb2 Bxb2 30. Rbxb2 a4 31. Red2 Kh8 32. Ne2 a3 33. Rbc2 f5 34. Nf4 Bh7 35. gxf5
Kg8 36. Qf1 g5 37. Bb5 Qc8 38. Qa1 Kf8 39. Bxe8 g4 40. e5 Kxe8 41. Kh2 Nd7 42.
Rg2 Nxe5 43. Rcf2 Qb7 44. Qb1 Rf7 1-0

[Event "44th Sparkassen Open"]
[Site "Dortmund GER"]
[Date "2016.07.15"]
[Round "7.3"]
[White "Korten, Lando"]
[Black "Hausrath, Daniel"]
[Result "0-1"]
[BlackTitle "GM"]
[WhiteElo "2000"]
[BlackElo "2483"]
[WhiteFideId "12989606"]
[BlackFideId "4617495"]
[EventDate "2016.07.09"]

1. d4 Nf6 2. c4 Nc6 3. Nf3 e6 4. Nc3 Bb4 5. Bg5 h6 6. Bxf6 Qxf6 7. e3 O-O 8. Qc2
d6 9. a3 Bxc3+ 10. Qxc3 e5 11. dxe5 Nxe5 12. Nxe5 dxe5 13. Be2 Re8 14. Bf3 a5
15. O-O a4 16. Rad1 Ra6 17. Rd5 b6 18. Rfd1 Bb7 19. Rd6 cxd6 20. Bxb7 Ra7 21.
Bd5 Rc8 22. Qb4 Qd8 23. g3 Rc5 24. h4 Qc7 25. Qd2 b5 26. cxb5 Rxb5 27. Be4 Rb6
28. Rc1 Qd8 29. Qc2 d5 30. Qc8 Ra8 31. Qxd8+ Rxd8 32. Bc2 Rxb2 33. Bxa4 Ra8 34.
Bd7 Rxa3 35. Rd1 Raa2 36. Rf1 d4 37. exd4 exd4 38. Bf5 g6 39. Be4 Kg7 40. Kg2
Rd2 41. Kf3 f5 42. Bd5 Ra5 43. Bc4 Rc5 44. Ba6 Rc3+ 45. Kg2 Rcc2 46. Kf3 g5 47.
hxg5 hxg5 48. g4 Rc3+ 0-1

[Event "44th Sparkassen Open"]
[Site "Dortmund GER"]
[Date "2016.07.15"]
[Round "7.4"]
[White "Wiebe, Patrick"]
[Black "Lupor, Stefan"]
[Result "1/2-1/2"]
[BlackTitle "FM"]
[WhiteElo "2187"]
[BlackElo "2310"]
[WhiteFideId "4684079"]
[BlackFideId "4685806"]
[EventDate "2016.07.09"]

1. Nf3 d5 2. c4 c6 3. b3 Bf5 4. g3 h6 5. Bg2 e6 6. Bb2 Nf6 7. O-O Be7 8. d3 O-O
9. Nbd2 Bh7 10. a3 a5 11. Ra2 Nbd7 12. Qa1 Re8 13. Rc1 Bf8 14. cxd5 exd5 15. Bf1
Qb6 16. e3 Qa6 17. d4 Bd3 18. Rc3 Bxf1 19. Qxf1 a4 20. Qxa6 Rxa6 21. b4 Ne4 22.
Nxe4 dxe4 23. Nd2 Nf6 24. Ra1 Nd5 25. Rc2 g5 26. h3 f6 27. Rb1 Rb6 28. Nc4 Rb5
29. Bc3 Kf7 30. Kg2 h5 31. g4 Bg7 32. Rf1 Kg6 33. f3 exf3+ 34. Rxf3 hxg4 35.
hxg4 Rh8 36. Rh3 Rxh3 37. Kxh3 Nxc3 38. Rxc3 Rd5 39. Nb6 Rd8 40. Nxa4 Rh8+ 41.
Kg2 Rh4 42. Kf3 Rh3+ 43. Kg2 Rh4 1/2-1/2